00845aam a2200325 450000500170000000800410001702000180005804100080007604100080008408200160009210000330010810000290014124500820017026000150025226000320026726000090029930000180030850500420032665000150036865000130038365000130039665000160040965000100042565000100043565000160044565000130046165000150047465000150048965000150050420240807134752.0150324b2013 CH ||||| |||| 00| 0 ENG d a9780801478703 aING aESP a597.9 M971a aMuñóz Chacón, Federico aDennis Johnston, Richard aAnfibios y reptiles de Costa Rica: guía de bolsillo en inglés y español aCosta Rica bA zona Tropical Publication c2013 a215 páginas aIncluye ilustraciones y fotografías aCOSTA RICA aANFIBIOS aREPTILES aCECÍLIDOS aSAPOS aRANAS aSALAMANDRAS aTORTUGAS aLAGARTIJAS aSERPIENTES aCOCODRILOS